Consolidar las instituciones democráticas (entrevista a Diego García, director del la División de Derechos Humanos de la Misión de Observadores de las Naciones Unidas en El Salvador -ONUSAL) /
Sin resumen
সংরক্ষণ করুন:
| প্রধান লেখক: | |
|---|---|
| অন্যান্য লেখক: | |
| বিন্যাস: | পাঠ্য |
| বিষয়গুলি: | |
| ট্যাগগুলো: |
ট্যাগ যুক্ত করুন
কোনো ট্যাগ নেই, প্রথমজন হিসাবে ট্যাগ করুন!
|
MARC
| LEADER | 00000 a a2200000 04500 | ||
|---|---|---|---|
| 001 | 8404 | ||
| 003 | |||
| 040 | |||
| 100 | |a Gamboa Mora, Nuria | ||
| 245 | |a Consolidar las instituciones democráticas (entrevista a Diego García, director del la División de Derechos Humanos de la Misión de Observadores de las Naciones Unidas en El Salvador -ONUSAL) / |c Nuria Gamboa Mora | ||
| 520 | |a Sin resumen | ||
| 650 | |a DERECHOS HUMANOS | ||
| 650 | |a SISTEMAS POLITICOS | ||
| 650 | |a ORGANIZACIONES REVOLUCIONARIAS | ||
| 650 | |a FUERZAS ARMADAS | ||
| 650 | |a CORRUPCION | ||
| 650 | |a PROBLEMAS SOCIALES | ||
| 700 | |a García, Diego | ||
| 773 | |g número 21; páginas 16-17 | ||
| 999 | |c 23622 |d 23622 | ||
